| 000 | 00486nam a22001457a 4500 | ||
|---|---|---|---|
| 020 | _a9789501302363 | ||
| 080 | _a342.4 (82) C 626 | ||
| 245 |
_aConstitucion de la Nacion Argentina: _btratados internacionales con jerarquia constitucional |
||
| 250 | _a1° Ed. 4° Reimp. | ||
| 260 |
_aCiudad Autonoma de Buenos Aires: _bKapelusz, _c2018 |
||
| 300 |
_a128 P. _c14 X 20 Cm. |
||
| 650 |
_xconstitucion _xNacion Argentina _xtratados internacionales |
||
| 942 | _6_ | ||
| 945 |
_acd _d2024-04-16 |
||
| 999 |
_c5381 _d235885 |
||